000 00821nam a2200205 a 4500
008 120416s1984 ||||||||||||||||| || u
020 _a0070440913
050 _aHF 5721 Mur
100 _aMurphy, Herta A
245 1 0 _aEffective business communications. (4th ed.)
250 _a4th.ed
260 _aNew York:
_bMcGraw-Hill
_c1984
300 _axiii, 737p. : ill
350 _a0.00
650 0 _aBUSINESS COMMUNICATION
650 _aCOMMERCIAL CORRESPONDENCE
650 _aBUSINESS REPORT WRITING
995 _aMAIN LIBRARY OPEN ACCESS
_D0.00
_e708282
_FCBU-MAIN LIBRARY (Kitwe)
_H1
_I26.25
_jHF 5721 Mur
_M2
_ULOST
_y026811
_ZMain Library Open Access Collection
995 _aMAIN LIBRARY OPEN ACCESS
_D0.00
_e708281
_FCBU-MAIN LIBRARY (Kitwe)
_H2
_I26.25
_jHF 5721 Mur
_M1
_UAVAILABLE
_y020208
_ZMain Library Open Access Collection
999 _c75763
_d75763